| 000 | 00395nam a2200109Ia 4500 | ||
|---|---|---|---|
| 008 | 220620s9999||||xx |||||||||||||| ||und|| | ||
| 100 | _aZapata, Gabriela C. | ||
| 245 | 0 |
_aLearning by Design and Second Language Teaching _bTheory, Research, and Practice |
|
| 546 | _aEnglish[eng] | ||
| 650 | _aLearning, Practice, Research, Second, Teaching, Theory, Zapata, Language, Gabriela, Design | ||
| 942 | _cEB | ||
| 999 |
_c33690 _d33690 |
||